000 00427nam a2200181Ia 4500
001 2986
005 20260306144847.0
008 260306t2010||||xx |||||||||||||| ||spa||
041 _aESP
082 _a239.1
_bB34
100 _aBeck, Eleonore
_eAUT
245 0 _aYo creo:
_bpequeño catecismo católico
260 _c2010
300 _a206 páginas :
_c21 cm.
650 _aGEN
654 _aCHU
942 _cLIB
_dJUS
_fJUS
_2ddc
_n
999 _c2986
_d2986